logo

Bir Sreshtho Munshi Abdur Rouf Library
Jhenaidah Cadet College

The guardians / (Record no. 8604)

MARC details
000 -LEADER
fixed length control field 00675cam a2200265 a 4500
001 - CONTROL NUMBER
JCCL Control Number 8604
003 - CONTROL NUMBER IDENTIFIER
JCCL marc code BD-JhCC
005 - DATE AND TIME OF LATEST TRANSACTION
control field 20180920095122.0
008 - FIXED-LENGTH DATA ELEMENTS--GENERAL INFORMATION
fixed length control field 820526s1982 nyu b 001 0 eng
020 ## - INTERNATIONAL STANDARD BOOK NUMBER
International Standard Book Number 0435121766
035 ## - SYSTEM CONTROL NUMBER
system control number (BD-JhCC)8604
035 ## - SYSTEM CONTROL NUMBER
system control number 306239
040 ## - CATALOGING SOURCE
Original cataloging agency LC
Transcribing agency LC
Modifying agency LC
-- BD-JhCC
041 ## - LANGUAGE CODE
Language code of Book eng
082 0# - DEWEY DECIMAL CLASSIFICATION NUMBER
Classification number 823.914
DDC Edition number 19
Author mark and Year CHR 1973
100 1# - MAIN ENTRY--PERSONAL NAME
Personal name Christopher, John
245 14 - TITLE STATEMENT
Title The guardians /
Statement of responsibility, etc John Christopher,
250 ## - EDITION STATEMENT
Edition statement 1st ed.
260 ## - PUBLICATION, DISTRIBUTION, ETC. (IMPRINT)
Place of publication, distribution, etc London :
Name of publisher, distributor, etc Norton,
Date of publication, distribution, etc 1973
300 ## - PHYSICAL DESCRIPTION
Pagination 156 p. ;
Dimensions 22 cm.
504 ## - BIBLIOGRAPHY, ETC. NOTE
Bibliography, etc Includes bibliographical references and index.
650 ## - SUBJECT ADDED ENTRY--TOPICAL TERM
Topical term or geographic name as entry element Science fiction
942 ## - ADDED ENTRY ELEMENTS (KOHA)
Source of classification or shelving scheme Dewey Decimal Classification
Koha item type Books
Holdings
Source of classification or shelving scheme Damaged status Not for loan Home library Current library Shelving location Total Checkouts Full call number Barcode Date last seen Copy number Koha item type
Dewey Decimal Classification     JCC Rouf Library JCC Rouf Library General Stacks   323/042/0973 LAM 1982 9292 02/28/2018 C - 1 Books

JCC Library | Contacts | JCC Home

Last Update on 23 September 2017
Copyright @ 2017-2020 JCC Rouf Library
Rouf Library, Jhenidah Cadet College (JCC), Bangladesh